000 00500pab a2200181 454500
008 180718b2009 xxu||||| |||| 00| 0 eng d
100 _aBeramendi, Pablo
245 _aDiverse disparities: the politics and economics of wage, market, and disposable income inequalities
260 _c2009
300 _ap.257-75.
362 _aJun
650 _aWages
650 _aIncome distribution
700 _aCusack, Thomas r.
773 _aPolitical Research Quarterly
908 _aN
909 _a82959
999 _c82959
_d82959